书目信息 |
| 题名: |
工程建设标致化.计量.质量管理基础理论
|
|
| 作者: | 徐一骐 主编 | |
| 分册: | ||
| 出版信息: | 北京 中国建筑工业出版社 2000.01 |
|
| 页数: | 476页 | |
| 开本: | 16开 | |
| 丛书名: | ||
| 单 册: | ||
| 中图分类: | TU71 | |
| 科图分类: | ||
| 主题词: | 建筑工程--施工管理 | |
| 电子资源: | ||
| ISBN: | 7-112-04079-5 | |
| 000 | 00625nam0 2200193 45 | |
| 001 | 0010111603 | |
| 005 | 20001011165006.5 | |
| 010 | @a7-112-04079-5@d43.00元 | |
| 100 | @a20001011d2000 km y0chiy0120 ea | |
| 101 | 0 | @achi |
| 105 | @a z 000yy | |
| 200 | 1 | @a工程建设标致化.计量.质量管理基础理论@AGong Cheng Jian She Biao Zhi Hua.Ji Liang.Zhi Liang Guan Li Ji Chu Li Lun@f徐一骐主编@FXu Yi Qi Zhu Bian |
| 210 | @a北京@c中国建筑工业出版社@d2000.01 | |
| 215 | @a476页@d16开 | |
| 606 | 0 | @a建筑工程@x施工管理 |
| 690 | @aTU71@v3 | |
| 701 | 0 | @a徐一骐@4主编 |
| 801 | @aCN@bPftUser@c20001011 | |
| 905 | @b175632-633@dTU71@eX695@f2 | |
| 工程建设标致化.计量.质量管理基础理论/徐一骐主编.-北京:中国建筑工业出版社,2000.01 |
| 476页;16开 |
| ISBN 7-112-04079-5:43.00元 |
| ● |
| 相关链接 |
|
|
|
正题名:工程建设标致化·计量·质量管理基础理论
索取号:TU71/X695
 
预约/预借
| 序号 | 登录号 | 条形码 | 馆藏地/架位号 | 状态 | 备注 |
| 1 | 175632 | 201756322 | 建筑库201/201建筑库 16排3列4层/ [索取号:TU71/X695] | 在馆 | |
| 2 | 175633 | 201756331 | 建筑库201/201建筑库 16排3列4层/ [索取号:TU71/X695] | 在馆 |